[Event "It (cat.8)"]
[Site "masterchessopen.com Budapest (Hungary)"]
[Round "0"]
[White "Muir Andrew J (SCO)"]
[Black "Engqvist Thomas (SWE)"]
[Result "1-0"]
[WhiteElo "2315"]
[BlackElo "2405"]

1.d4 Nf6 2.c4 e6 3.Nc3 Bb4 4.e3 O-O 5.Bd3 d5 6.Nf3 b6 7.O-O Bb7 8.cxd5 exd5
9.a3 Bd6 10.b4 a6 11.Qb3 Nbd7 12.a4 Re8 13.Ba3 g6 14.b5 a5 15.Rfc1 Rc8 16.Rc2
Nf8 17.g3 Ne6 18.Rac1 Qe7 19.Bxd6 cxd6 20.Ne2 Rc4 21.Nd2 Rxc2 22.Rxc2 Ng5
23.Nf4 Ne6 24.Nxe6 fxe6 25.Qb1 Rc8 26.Rxc8+ Bxc8 27.Qc2 Bb7 28.Bf1 Kg7 29.Bg2
Qd7 30.e4 dxe4 31.Nxe4 Bxe4 32.Bxe4 e5 33.dxe5 dxe5 34.Bf3 Kf7 35.h4 Ke7 36.h5
gxh5 37.Bxh5 Qd4 38.Qc7+ Nd7 39.Bf3 Qd6 40.Qb7 Kf8 41.Bc6 Nf6 42.Qxb6 Ng4
43.Qa7 Qd1+ 44.Kg2 Qxa4 45.Bd5 {#r} 1-0

[Event "Ch NRW"]
[Site "masterchessopen.com Cologne (Germany)"]
[Round "5"]
[White "Novak Petr (GER)"]
[Black "Balduan Markus (GER)"]
[Result "1-0"]
[WhiteElo "2218"]
[BlackElo "2269"]

1.d4 Nf6 2.c4 e6 3.Nc3 Bb4 4.e3 O-O 5.Bd3 d5 6.Nf3 b6 7.O-O dxc4 8.Bxc4 Bb7
9.Bd2 Nbd7 10.a3 Be7 11.Re1 Ne4 12.Nxe4 Bxe4 13.Bc3 c5 14.Rc1 Rc8 15.Ba6 Rc7
16.Nd2 Bc6 17.Bd3 cxd4 18.Bxd4 e5 19.Bc3 Nc5 20.Bb1 Qd5 21.Nf3 f6 22.Qc2 Qe4
23.Qxe4 Nxe4 24.Bxe5 fxe5 25.Bxe4 Rfc8 26.Bf5 Bd7 27.Rxc7 Rxc7 28.Bxd7 Rxd7
29.Nxe5 Rd2 30.Rb1 Bf6 31.Nc4 Rc2 32.b3 Kf7 33.g3 Ke6 34.a4 Be7 35.Kg2 Bc5
36.Kf3 a6 37.b4 Be7 38.Nxb6 Bd8 39.a5 Bxb6 40.axb6 Rc6 41.b7 Rb6 42.Ra1 Rxb7
43.Rxa6+ Kd5 44.b5 Rf7+ 45.Kg2 Kc5 46.b6 Rf8 47.Ra7 Kxb6 48.Rxg7 {#r} 1-0

[Event "Ch Sweden (team) 1995/96"]
[Site "masterchessopen.com Sweden"]
[Round "0"]
[White "Sjoberg Mats (SWE)"]
[Black "Akesson Ralf (SWE)"]
[Result "1-0"]
[WhiteElo "2450"]
[BlackElo "2465"]

1.d4 Nf6 2.c4 e6 3.Nc3 Bb4 4.e3 O-O 5.Bd3 d5 6.Nf3 b6 7.Qc2 Bb7 8.O-O dxc4
9.Bxc4 c5 10.Rd1 cxd4 11.Qe2 Nbd7 12.exd4 Rc8 13.Bd2 Bxf3 14.gxf3 Bxc3 15.bxc3
Nd5 16.Rac1 Qf6 17.Ba6 Rb8 18.Bb5 Rfd8 19.Qe4 Nf8 20.c4 Nc7 21.Bf4 Nxb5
22.Bxb8 Nxd4 23.Bg3 Ng6 24.Rd3 h5 25.Kh1 h4 26.Bc7 Rd7 27.Bb8 e5 28.Rcd1 h3
29.f4 Qh4 30.Bxe5 Nxe5 31.Rxd4 Rxd4 32.Rxd4 Ng4 33.Qa8+ Kh7 34.Qf3 Nxf2+
35.Kg1 Ng4 36.Rd3 Qe1+ 37.Qf1 Qe4 38.Qxh3+ Kg6 39.Qxg4+ Kf6 40.Rd6+ {#r} 1-0

[Event "It (w)"]
[Site "masterchessopen.com Belgrade (Yugoslavia)"]
[Round "0"]
[White "Peng Zhaoqin (NED)"]
[Black "Maric Alisa (SRB)"]
[Result "0-1"]
[WhiteElo "2375"]
[BlackElo "2460"]

1.d4 Nf6 2.c4 e6 3.Nc3 Bb4 4.e3 O-O 5.Bd3 d5 6.Nf3 b6 7.a3 Bxc3+ 8.bxc3 Ba6
9.cxd5 Bxd3 10.Qxd3 Qxd5 11.O-O Nbd7 12.c4 Qe4 13.Qb3 c5 14.a4 Rfc8 15.Bb2 Rc7
16.Rfd1 cxd4 17.Rxd4 Qb7 18.Rad1 Qc8 19.Qd3 Qe8 20.Rd6 Nc5 21.Qd4 Nb7 22.c5
bxc5 23.Qf4 Nxd6 24.Bxf6 gxf6 25.Rxd6 Rd7 26.Rxd7 Qxd7 27.h3 Qd8 28.Qg4+ Kh8
29.e4 c4 30.e5 c3 31.exf6 Qxf6 {#R} 0-1

[Event "Oberliga NRW 1995/96"]
[Site "masterchessopen.com Germany"]
[Round "0"]
[White "Rieke Theo (GER)"]
[Black "Koehn Peter (GER)"]
[Result "1-0"]
[WhiteElo "2162"]
[BlackElo "2260"]

1.d4 Nf6 2.c4 e6 3.Nc3 Bb4 4.e3 O-O 5.Bd3 d5 6.Nf3 b6 7.cxd5 exd5 8.h3 Bb7
9.O-O Re8 10.Ne5 Bd6 11.f4 c5 12.Qf3 a6 13.Bd2 Nbd7 14.Be1 b5 15.Bh4 cxd4
16.Nxd7 Qxd7 17.Bxf6 Rxe3 18.Bxh7+ Kxh7 19.Qh5+ Kg8 20.Nxd5 Rg3 21.Bh4 Rg6
22.f5 Rh6 23.Qxh6 Bxd5 24.Qd2 Qc6 25.f6 Bf8 26.Rac1 Qb6 27.Bf2 Qxf6 28.Bxd4
Qe6 29.Rfe1 Qd7 30.a3 Be6 31.Be3 Qb7 32.Bf4 b4 33.Qd3 bxa3 34.bxa3 a5 35.Kh2
a4 36.Rc7 Qb3 37.Rc3 Qb6 38.Rb1 Bb3 39.Qe4 Rd8 40.Qxa4 {#r} 1-0

[Event "Cup Russia (open)"]
[Site "masterchessopen.com Moscow (Russia)"]
[Round "1"]
[White "Grabuzova Tatiana (RUS)"]
[Black "Sokolov Andrei (FRA)"]
[Result "0-1"]
[WhiteElo "2310"]
[BlackElo "2585"]

1.d4 Nf6 2.c4 e6 3.Nc3 Bb4 4.e3 O-O 5.Bd3 d5 6.Nf3 b6 7.O-O Bb7 8.cxd5 exd5
9.Ne5 Bd6 10.f4 c5 11.Qf3 Nc6 12.Bd2 cxd4 13.Nxc6 Bxc6 14.exd4 Re8 15.Rfe1 Qd7
16.f5 Bf8 17.Kh1 Ne4 18.Nxe4 dxe4 19.Bxe4 Rxe4 20.Rxe4 Re8 21.d5 Bxd5 22.Rd4
Rd8 23.Rxd5 Qxd5 24.Bc3 Qxf3 25.gxf3 f6 26.Re1 Kf7 27.Re4 Rd5 28.Rd4 Rxf5
29.Rd7+ Kg6 30.Rxa7 Rxf3 31.a4 h5 32.Rc7 h4 33.Kg2 Rd3 34.Rc6 h3+ 35.Kf1 Bd6
36.Ke2 Rd5 37.Kf3 Bxh2 38.Rxb6 Bc7 39.Rb4 Rf5+ 40.Ke2 h2 {#R} 0-1

[Event "Ch Netherlands (team) 1996/97"]
[Site "masterchessopen.com Netherlands"]
[Round "2"]
[White "Van Den Bersselaar Jeroen (NED)"]
[Black "Schrama Paul (NED)"]
[Result "0-1"]
[WhiteElo "2211"]
[BlackElo "2259"]

1.d4 Nf6 2.c4 e6 3.Nc3 Bb4 4.e3 O-O 5.Bd3 d5 6.Nf3 b6 7.cxd5 exd5 8.h3 Re8
9.a3 Bd6 10.Qc2 c5 11.Nb5 Bf8 12.b3 Nbd7 13.Bb2 a6 14.Nc3 Bb7 15.O-O Rc8
16.Qe2 cxd4 17.Nxd4 Nc5 18.Bf5 Rc7 19.Rad1 g6 20.Bb1 Qe7 21.b4 Nce4 22.Nxe4
Nxe4 23.Rd3 Rec8 24.Rfd1 Bg7 25.Qe1 Bf6 26.Ba1 Bh4 27.g3 Bf6 28.Ba2 Ng5 29.Kg2
Qe4+ 30.f3 Rc2+ 31.R3d2 Nxf3 32.Nxf3 Bxa1 33.Bb1 d4 34.Bxc2 Qxf3+ 35.Kh2 dxe3
36.Rxa1 exd2 37.Qxd2 Re8 38.Rg1 Re2+ {#R} 0-1

[Event "Olympiad"]
[Site "masterchessopen.com Yerevan (Armenia)"]
[Round "3"]
[White "Bareev Evgeny (RUS)"]
[Black "Renet Olivier (FRA)"]
[Result "1-0"]
[WhiteElo "2655"]
[BlackElo "2505"]

1.d4 Nf6 2.c4 e6 3.Nc3 Bb4 4.e3 O-O 5.Bd3 d5 6.Nf3 b6 7.O-O Bb7 8.cxd5 exd5
9.Ne5 a6 10.Bd2 { ! a novelty 10. a3 - Helmers - Razuvaev, Helsinki 1984 } (
10.a3 Bd6 11.f4 Nbd7 12.Qf3 b5 13.Bd2 c5 14.Be1 b4 15.axb4 cxb4 16.Bh4 Be7
17.Na4 Re8 { ? } ) 10...Bd6 11.f4 c5 12.Rf3 Nc6 { ?! } 13.Nxd5 { !! }
13...Bxe5 ( 13...Nxd5 14.Bxh7+ Kxh7 15.Rh3+ Kg8 16.Qh5 { +?? } ) 14.Nxf6+ Bxf6
15.Bxh7+ { ! } 15...Kxh7 16.Rh3+ Kg8 17.Qh5 Bh4 18.Rxh4 f6 19.d5 { ! }
19...Ne7 20.e4 Nxd5 21.Rd1 { ! } 21...Nc7 22.Bc3 Qe7 23.e5 { ! } 23...Rad8
24.Re1 { ! } 24...f5 ( 24...fxe5 25.Bxe5 { ? } ) 25.Qh7+ Kf7 26.e6+ { ! }
26...Nxe6 27.Bxg7 Ke8 28.Bxf8 Qxh7 29.Rxe6+ Kd7 30.Rd6+ { } {#r} 1-0

[Event "Memorial German"]
[Site "masterchessopen.com Brazil"]
[Round "0"]
[White "Ladeira Jarbas (BRA)"]
[Black "Disconzi Da Silva Rodrigo (BRA)"]
[Result "0-1"]
[WhiteElo "2251"]
[BlackElo "2350"]

1.d4 d5 2.c4 e6 3.Nc3 Nf6 4.Nf3 Bb4 5.e3 O-O 6.Bd3 b6 7.O-O Bb7 8.a3 Bd6
9.cxd5 exd5 10.Nb5 Be7 11.Bd2 a6 12.Nc3 Nbd7 13.Ne5 Ne4 14.Nxe4 dxe4 15.Bc4
Bd6 16.Bc3 Qe7 17.Nxd7 Qxd7 18.Re1 Kh8 19.g3 Rae8 20.Bf1 Re6 21.Qd2 f5 22.Bg2
a5 23.d5 Re7 24.f3 Bc5 25.fxe4 fxe4 26.b4 axb4 27.axb4 Bd6 28.Rf1 Rg8 29.Rfd1
Qf5 30.Ra7 Bc8 31.Rf1 Qg5 32.Rd1 h5 33.Qe1 Bg4 34.Rd2 Rf8 35.Ra1 Kh7 36.Rb1
Rf5 {#R} 0-1

[Event "It (open)"]
[Site "masterchessopen.com Copenhagen (Denmark)"]
[Round "2"]
[White "Volzhin Alexander (RUS)"]
[Black "Jonovic Velibor (DEN)"]
[Result "1-0"]
[WhiteElo "2495"]
[BlackElo "2095"]

1.d4 Nf6 2.c4 e6 3.Nc3 Bb4 4.e3 O-O 5.Bd3 d5 6.Nf3 b6 7.a3 Bxc3+ 8.bxc3 Bb7
9.O-O dxc4 10.Bxc4 Nbd7 11.Re1 c5 12.Bd3 Ne4 13.Bb2 cxd4 14.cxd4 Rc8 15.Rc1
Qe7 16.Qa4 a5 17.Rxc8 Rxc8 18.Rc1 Rxc1+ 19.Bxc1 h5 20.Qc2 Ndf6 21.Ne5 Ng5
22.f3 g6 23.e4 Ne8 24.Qc3 Nh7 25.Bb2 Nhf6 26.Bf1 Kg7 27.Qb3 Qc7 28.Nc4 Nd7
29.d5+ e5 30.f4 f6 31.Qg3 Qc5+ 32.Kh1 Qf8 33.Be2 Ba6 34.Nxe5 {#r} 1-0

[Event "It (open)"]
[Site "masterchessopen.com Cutro (Italy)"]
[Round "0"]
[White "Abatino Maurizio (ITA)"]
[Black "Drasko Milan (MNE)"]
[Result "0-1"]
[WhiteElo "2275"]
[BlackElo "2520"]

1.d4 Nf6 2.c4 e6 3.Nc3 Bb4 4.e3 O-O 5.Bd3 d5 6.Nf3 b6 7.O-O Bb7 8.cxd5 exd5
9.Qe2 Re8 10.a3 Bd6 11.b4 a6 12.Bc2 Nbd7 13.Rb1 Qe7 14.Bd2 Ne4 15.Na2 a5
16.Nc1 axb4 17.axb4 c6 18.Rd1 Ra3 19.Be1 Rea8 20.Rd3 g6 21.Rdb3 Rxb3 22.Nxb3
Ba6 23.Qd1 Bc4 24.Nc1 Ra3 25.Bd3 b5 26.Bxc4 bxc4 27.Qc2 Ndf6 28.b5 cxb5
29.Rxb5 Qa7 30.h3 Ra1 31.Bb4 Bxb4 32.Rxb4 Qa3 33.Rb8+ Kg7 34.Rb1 Rxb1 35.Qxb1
Nc3 {#R} 0-1

[Event "It (open)"]
[Site "masterchessopen.com Geneva (Switzerland)"]
[Round "9"]
[White "Gerber Richard (SUI)"]
[Black "Kohlweyer Bernd (GER)"]
[Result "0-1"]
[WhiteElo "2335"]
[BlackElo "2430"]

1.d4 Nf6 2.c4 e6 3.Nc3 Bb4 4.e3 O-O 5.Bd3 d5 6.Nf3 b6 7.O-O Bb7 8.cxd5 exd5
9.a3 Bd6 10.b4 a6 11.Qb3 Qe7 12.b5 axb5 13.Nxb5 Nc6 14.Bb2 Na5 15.Qc2 Ba6
16.Ne5 Bxb5 17.Bxb5 c5 18.Qf5 Bxe5 19.dxe5 Ne4 20.Rad1 Rfd8 21.f3 Ng5 22.f4
Ne4 23.Bd3 g6 24.Qg4 Nc4 25.Bxc4 dxc4 26.f5 c3 27.f6 Nxf6 28.Qg5 cxb2 29.exf6
Rxd1 30.Rxd1 Qe6 31.e4 h6 32.Qh4 c4 33.e5 Qxe5 34.Qxc4 Qxf6 35.Qb3 Rc8 {#R}
0-1

[Event "Oberliga Northeast 1996/97"]
[Site "masterchessopen.com Germany"]
[Round "0"]
[White "Vogel Robert (GER)"]
[Black "Piasecki Thomas (GER)"]
[Result "0-1"]
[WhiteElo "2260"]
[BlackElo "2148"]

1.d4 Nf6 2.c4 e6 3.Nc3 Bb4 4.e3 O-O 5.Bd3 d5 6.Nf3 b6 7.cxd5 exd5 8.O-O Bb7
9.a3 Bd6 10.b4 a6 11.Bb2 Re8 12.Rc1 Ne4 13.Ne2 Nd7 14.Ng3 Ndf6 15.Ne5 c5
16.bxc5 bxc5 17.f4 Nxg3 18.hxg3 c4 19.Bb1 Bc8 20.Qf3 Qe7 21.Rc3 Qb7 22.Ba1 Rb8
23.Bc2 h5 24.Ba4 Rf8 25.Bc6 Bg4 26.Bxb7 Bxf3 27.Bxa6 Be2 28.Re1 Bxe5 29.fxe5
Ne4 30.Rc2 Bd3 31.Ra2 Rb6 {#R} 0-1

[Event "Ch Helsinki"]
[Site "masterchessopen.com Helsinki (Finland)"]
[Round "2"]
[White "Norri Joose (FIN)"]
[Black "Kanko Ilkka (FIN)"]
[Result "1-0"]
[WhiteElo "2430"]
[BlackElo "2255"]

1.d4 Nf6 2.c4 e6 3.Nc3 Bb4 4.e3 O-O 5.Bd3 d5 6.Nf3 b6 7.O-O Bb7 8.cxd5 exd5
9.Ne5 c5 10.f4 Nc6 11.Ne2 cxd4 12.exd4 Ne4 13.Be3 Rc8 14.Ng3 Nxe5 15.fxe5 Nxg3
16.hxg3 Be7 17.e6 Bf6 18.Qh5 g6 19.exf7+ Rxf7 20.Bxg6 hxg6 21.Qxg6+ Rg7
22.Qxf6 Qxf6 23.Rxf6 Rxg3 24.Bf4 Rg7 25.Re1 Ba6 26.Re3 Rc1+ 27.Kh2 Rh7+ 28.Bh6
Rc8 29.Ref3 Re7 30.Rg3+ Kh8 31.Bf4 Rh7+ 32.Kg1 Rh4 33.Rf7 {#r} 1-0

[Event "Ch Hungary (team) 1997/98 (2 liga)"]
[Site "masterchessopen.com Hungary"]
[Round "0"]
[White "Lugovoi Aleksei (RUS)"]
[Black "Szabo Zsolt Jozsef (HUN)"]
[Result "1-0"]
[WhiteElo "2520"]
[BlackElo "2435"]

1.d4 e6 2.c4 Nf6 3.Nc3 Bb4 4.e3 O-O 5.Bd3 d5 6.Nf3 b6 7.O-O Bb7 8.cxd5 exd5
9.Ne5 Nbd7 10.f4 Bd6 11.Qf3 c5 12.Bd2 a6 13.a4 Re8 14.Be1 Nf8 15.Bh4 Be7
16.Rad1 cxd4 17.exd4 Ne4 18.Bxe7 Rxe7 19.Bxe4 dxe4 20.Qe2 Bd5 21.f5 f6 22.Nc4
Bf7 23.d5 Nd7 24.Rf4 Qc7 25.d6 Qc5+ 26.Qe3 Ree8 27.Qxc5 bxc5 28.Na5 Rab8
29.Rxe4 Rxb2 30.Re7 Rxe7 31.dxe7 Be8 32.Nc4 Rc2 33.Nd6 Rxc3 34.Nxe8 {#r} 1-0

[Event "Memorial D.Porath"]
[Site "masterchessopen.com Israel"]
[Round "2"]
[White "Soffer Ram (ISR)"]
[Black "Gruenfeld Yehuda (ISR)"]
[Result "1-0"]
[WhiteElo "2520"]
[BlackElo "2455"]

1.d4 Nf6 2.c4 e6 3.Nc3 Bb4 4.e3 O-O 5.Bd3 d5 6.Nf3 b6 7.O-O Bb7 8.a3 Be7 9.Qe2
Nbd7 10.b3 c5 11.Bb2 Rc8 12.Rac1 Qc7 13.Rfd1 Qb8 14.cxd5 exd5 15.Bf5 Rcd8
16.Qc2 g6 17.Bh3 Rfe8 18.Ne5 Nxe5 19.dxe5 Nh5 20.Ne2 Bf8 21.Bg4 Ng7 22.Nf4 Ne6
23.Nxe6 fxe6 24.f4 Bg7 25.h4 Qc7 26.Rd2 Qe7 27.g3 Qd7 28.Rf1 Qf7 29.Qd1 Bf8
30.h5 Rd7 31.hxg6 hxg6 32.Rh2 d4 33.exd4 cxd4 34.Qd3 Red8 35.b4 Qe8 36.Bd1 Rg7
37.Bb3 Bd5 38.Bxd5 Rxd5 39.Bc1 Rc7 40.Bd2 Qf7 41.g4 Qg7 42.Rf3 Qf7 43.f5 exf5
44.gxf5 Rxe5 45.fxg6 Qc4 46.Rxf8+ Kxf8 47.Qf3+ Kg8 48.Qf6 {#r} 1-0

[Event "It (open)"]
[Site "masterchessopen.com Mondariz (Spain)"]
[Round "0"]
[White "Campos Moreno Javier B (CHI)"]
[Black "Psakhis Lev (ISR)"]
[Result "0-1"]
[WhiteElo "2440"]
[BlackElo "2565"]

1.d4 Nf6 2.c4 e6 3.Nc3 Bb4 4.e3 O-O 5.Bd3 d5 6.Nf3 b6 7.O-O Bb7 8.a3 Bd6 9.b3
Nbd7 10.Bb2 a6 11.cxd5 exd5 12.Ne2 Qe7 13.Ng3 g6 14.Qc2 Ne4 15.Rac1 f6 16.Bxe4
dxe4 17.Nd2 f5 18.Nc4 Bd5 19.Nxd6 cxd6 20.Qc7 Rab8 21.a4 Rb7 22.Qc3 Nf6 23.Qb4
Qd7 24.Ba3 Rd8 25.Ne2 a5 26.Qd2 b5 27.Nf4 b4 28.Bb2 Kf7 29.f3 Re8 30.Qf2 Kg7
31.g4 exf3 32.g5 Ng4 33.Qh4 Qf7 34.h3 Nxe3 35.Rfe1 Rbe7 36.Kf2 Kg8 37.Qh6 Re4
38.Rxe3 Rxe3 39.Nxd5 Qxd5 {#R} 0-1

[Event "Memorial F.Pripis"]
[Site "masterchessopen.com Moscow (Russia)"]
[Round "6"]
[White "Savitskaya Ekaterina P (RUS)"]
[Black "Castaneda Georgui (PER)"]
[Result "1-0"]
[WhiteElo "2260"]
[BlackElo "2512"]

1.d4 e6 2.c4 Nf6 3.Nc3 Bb4 4.e3 d5 5.Bd3 O-O 6.Nf3 b6 7.O-O Bb7 8.a3 Bd6 9.b4
dxc4 10.Bxc4 a5 11.b5 Nbd7 12.Bb2 e5 13.Nxe5 Nxe5 14.dxe5 Bxe5 15.Qe2 Qe7
16.Rac1 Rad8 17.Rfd1 h5 18.h3 h4 19.Rc2 Bd6 20.Rcd2 Ne4 21.Nxe4 Qxe4 22.Qf1
Be7 23.Rd4 Qc2 24.Rxd8 Bxd8 25.Ba1 Be7 26.Qd3 Qa4 27.Qd4 Qxd1+ 28.Qxd1 Rd8
29.Qh5 {#r} 1-0

[Event "It (open)"]
[Site "masterchessopen.com New York (USA)"]
[Round "6"]
[White "Ibragimov Ildar (USA)"]
[Black "Ivanov Alexander (USA)"]
[Result "1-0"]
[WhiteElo "2585"]
[BlackElo "2523"]

1.d4 Nf6 2.c4 e6 3.Nc3 Bb4 4.e3 O-O 5.Bd3 d5 6.Nf3 b6 7.a3 Bxc3+ 8.bxc3 Ba6
9.cxd5 Bxd3 10.Qxd3 Qxd5 11.O-O c5 12.Nd2 Rd8 13.e4 Qb7 14.Re1 Nc6 15.Nf3 cxd4
16.cxd4 Nxd4 17.Nxd4 e5 18.Bb2 exd4 19.Bxd4 Rd7 20.e5 Ne8 21.e6 fxe6 22.Rxe6
Qd5 23.Qe2 Nc7 24.Re4 Rad8 25.Re1 Qb3 26.Qg4 Qf7 27.h3 Re8 28.Be5 h6 29.Qf3
Rde7 30.Bxg7 Kh7 31.Bxh6 {#r} 1-0

[Event "It (open)"]
[Site "masterchessopen.com Spree (Germany)"]
[Round "2"]
[White "Schlufter Juerk (GER)"]
[Black "Huebscher Joachim (GER)"]
[Result "1-0"]
[WhiteElo "2067"]
[BlackElo "1784"]

1.d4 e6 2.c4 Nf6 3.Nc3 Bb4 4.e3 O-O 5.Bd3 d5 6.Nf3 b6 7.O-O Bxc3 8.bxc3 dxc4
9.Bxc4 Bb7 10.Ba3 Re8 11.Ne5 Nbd7 12.Bb5 a6 13.Bc6 Rb8 14.Bxb7 Rxb7 15.Qf3 Qa8
16.Nc6 b5 17.e4 Nb8 18.Na5 Nbd7 19.Nxb7 Qxb7 20.Rfe1 Rc8 21.Re2 c5 22.Rae1 c4
23.Bb4 h6 24.a3 Ne8 25.Qg3 Qb6 26.e5 Nc7 27.Re4 Nd5 28.Rg4 g6 29.Rxg6+ fxg6
30.Qxg6+ Kh8 31.Qxh6+ Kg8 32.Qg6+ Kh8 33.Re4 Qd8 34.Qh5+ {#r} 1-0

[Event "Ch Ukraine (team)"]
[Site "masterchessopen.com Alushta (Ukraine)"]
[Round "0"]
[White "Bashilin Roman (UKR)"]
[Black "Zavorotko Nikolay (UKR)"]
[Result "1-0"]
[WhiteElo "2380"]
[BlackElo "2227"]

1.d4 Nf6 2.c4 e6 3.Nc3 Bb4 4.e3 O-O 5.Bd3 d5 6.Nf3 b6 7.O-O Bxc3 8.bxc3 Bb7
9.Qc2 dxc4 10.Bxc4 Nbd7 11.Bd3 Re8 12.e4 e5 13.Bg5 Rc8 14.Rfe1 a6 15.Rad1 Qe7
16.Nh4 Qf8 17.Nf5 h6 18.Bc1 c5 19.d5 c4 20.Bf1 Kh8 21.Re3 Nh5 22.Rh3 Nf4
23.Bxf4 exf4 24.e5 Kg8 25.e6 fxe6 26.dxe6 Ne5 27.Rd7 Nd3 28.Rxg7+ Qxg7 29.Nxg7
Kxg7 30.Bxd3 cxd3 31.Rxd3 Re7 32.Rd6 Rc6 33.Rxc6 Bxc6 34.Qf5 Bd7 35.Qe5+ {#r}
1-0

[Event "Extra League 1997/98"]
[Site "masterchessopen.com Czech Republic"]
[Round "7"]
[White "Babula Vlastimil (CZE)"]
[Black "Chloupek Stanislav (CZE)"]
[Result "1-0"]
[WhiteElo "2575"]
[BlackElo "2360"]

1.d4 Nf6 2.c4 e6 3.Nc3 Bb4 4.e3 O-O 5.Bd3 d5 6.Nf3 b6 7.O-O Bb7 8.cxd5 exd5
9.Bd2 Nbd7 10.Rc1 a6 11.Ne5 Bd6 12.f4 c5 13.Ne2 Ne4 14.Ng3 g6 15.Bxe4 dxe4
16.Bc3 Nf6 17.Nc4 Be7 18.dxc5 bxc5 19.Qb3 Bc6 20.Rfd1 Qe8 21.Nd6 Qb8 22.Ndf5
gxf5 23.Nxf5 Qa7 24.Rd6 Bxd6 25.Bxf6 Rfd8 26.Qd1 Kf8 27.Qg4 Ke8 28.Ng7+ Kf8
29.Nf5 Ke8 30.Rd1 Bf8 31.Bxd8 Rxd8 32.Rxd8+ Kxd8 33.Qg8 Qd7 34.Qxf8+ Kc7
35.Qxc5 Qd1+ 36.Kf2 Qd2+ 37.Kg3 h5 38.Qc3 h4+ 39.Nxh4 Qd5 40.Qe5+ Kb6 41.Qxd5
Bxd5 42.Nf5 Bxa2 43.h4 {#r} 1-0

[Event "Ch France (b)"]
[Site "masterchessopen.com Meribel (France)"]
[Round "3"]
[White "Bricard Emmanuel (FRA)"]
[Black "Mancini Mario (FRA)"]
[Result "1-0"]
[WhiteElo "2460"]
[BlackElo "2285"]

1.d4 Nf6 2.c4 e6 3.Nc3 Bb4 4.e3 O-O 5.Bd3 d5 6.Nf3 b6 7.O-O Bb7 8.Bd2 Nbd7
9.Nxd5 Nxd5 10.cxd5 Bxd2 11.dxe6 Bb4 12.exd7 Qxd7 13.e4 Be7 14.Qe2 Rad8
15.Rad1 Bf6 16.e5 Bxf3 17.Qxf3 Be7 18.Bc4 c6 19.Qe4 Kh8 20.f4 f5 21.Qc2 b5
22.Be2 Qe6 23.a3 a5 24.Bf3 Rc8 25.Rc1 Bd8 26.Qc5 Be7 27.Qb6 Qb3 28.Qb7 Rfe8
29.Rxc6 Rb8 30.Qd7 Qe3+ 31.Kh1 Qxf4 32.Re6 Qg5 33.Bc6 Rbd8 34.Qa7 {#r} 1-0

[Event "Zt"]
[Site "masterchessopen.com Panormo (Greece)"]
[Round "3"]
[White "Nadanian Ashot (ARM)"]
[Black "Giorgadze Giorgi (GEO)"]
[Result "0-1"]
[WhiteElo "2415"]
[BlackElo "2610"]

1.d4 Nf6 2.c4 e6 3.Nf3 d5 4.Nc3 Bb4 5.e3 O-O 6.Bd3 b6 7.O-O Bb7 8.cxd5 exd5
9.Bd2 Nbd7 10.Rc1 a6 11.Ne5 Bd6 12.f4 c5 13.Qf3 Re8 14.g4 Ne4 15.Nxe4 dxe4
16.Bxe4 Bxe4 17.Qxe4 Nxe5 18.fxe5 Bxe5 19.dxe5 Qxd2 20.Rc2 Qd8 21.Rcf2 Re7
22.Qc4 Qe8 23.Rf5 Raa7 24.Qf4 Re6 25.Rd1 Rd7 26.Rd6 b5 27.e4 Qd8 28.Rd5 Rxd5
29.exd5 Qxd5 30.Rxf7 Re8 31.Rf5 Qxa2 32.Qd2 h6 33.h3 Qc4 34.Rf4 Qb3 35.Re4
Rxe5 36.Rxe5 Qg3+ 37.Kh1 Qxe5 38.Qd8+ Kf7 39.Qd7+ Kf6 40.Qc6+ Kg5 41.Qxa6 Qxb2
42.Qc6 Qc3 43.Kg2 Kh4 {#R} 0-1

[Event "Ch Argentina"]
[Site "masterchessopen.com Villa Martelli (Argentina)"]
[Round "1"]
[White "Hoffman Alejandro (ARG)"]
[Black "Ginzburg Maximiliano (ARG)"]
[Result "1-0"]
[WhiteElo "2525"]
[BlackElo "2490"]

1.d4 Nf6 2.c4 e6 3.Nf3 b6 4.Nc3 Bb4 5.e3 O-O 6.Bd3 d5 7.a3 Bxc3+ 8.bxc3 Ba6
9.cxd5 Qxd5 10.Bxa6 Nxa6 11.O-O c5 12.Qe2 Qb7 13.c4 Rac8 14.Bb2 cxd4 15.exd4
Qe4 16.Qd1 Rfd8 17.Re1 Qb7 18.Qe2 Re8 19.Ne5 Nb8 20.f4 Nc6 21.Rac1 Ne7 22.Qd3
Ng6 23.g3 Rcd8 24.Rcd1 Nd7 25.Qb3 Ndxe5 26.fxe5 Ne7 27.a4 Rd7 28.Ba3 Nc6
29.Bd6 Na5 30.Qb5 h5 31.d5 Qc8 32.dxe6 Rxe6 33.c5 h4 34.Rc1 hxg3 35.hxg3 Qc6
36.Qxc6 Nxc6 37.cxb6 Nd4 38.Re4 Nf5 39.Rc7 Rd8 40.b7 Ree8 41.Rec4 {#r} 1-0

[Event "Staatsliga B 1999/00"]
[Site "masterchessopen.com Austria"]
[Round "1"]
[White "Varga Zoltan (HUN)"]
[Black "Kummer Helmut (AUT)"]
[Result "1-0"]
[WhiteElo "2541"]
[BlackElo "2321"]

1.d4 Nf6 2.c4 e6 3.Nc3 d5 4.Nf3 Bb4 5.e3 O-O 6.Bd3 b6 7.Bd2 Nbd7 8.O-O dxc4
9.Bxc4 Bb7 10.Rc1 a6 11.Re1 Qe7 12.a3 Bd6 13.e4 e5 14.d5 Nh5 15.g3 g6 16.Bh6
Ng7 17.Qd2 b5 18.Ba2 f6 19.Nd1 Rf7 20.Nh4 Nf8 21.f4 exf4 22.gxf4 Re8 23.Nf2
Kh8 24.Nf3 Nd7 25.Nd4 Rg8 26.Ne6 g5 27.f5 Nh5 28.Kh1 Ne5 29.Qe2 g4 30.Rg1 Nf3
31.Rxg4 Rxg4 32.Nxg4 Nxh2 33.Rg1 Ng3+ 34.Rxg3 Bxg3 35.Nxh2 Qd6 36.Qg4 {#r} 1-0

[Event "It (open)"]
[Site "masterchessopen.com Bethune (France)"]
[Round "0"]
[White "Mancini Mario (FRA)"]
[Black "Chuchelov Vladimir (BEL)"]
[Result "0-1"]
[WhiteElo "2342"]
[BlackElo "2533"]

1.d4 Nf6 2.c4 e6 3.Nc3 Bb4 4.e3 O-O 5.Bd3 d5 6.Nf3 b6 7.O-O Bb7 8.cxd5 exd5
9.a3 Bd6 10.b4 a6 11.Ne5 Nbd7 12.f4 c5 13.bxc5 bxc5 14.Qf3 Rb8 15.Qh3 Nb6
16.Rb1 Ne4 17.Nxe4 dxe4 18.Be2 Na4 19.Qd7 Nc3 20.Rxb7 Nxe2+ 21.Kf2 Rxb7
22.Qxb7 Nxc1 23.Rxc1 cxd4 24.Qxe4 Bxa3 25.Rd1 dxe3+ 26.Ke2 Qe7 27.Rd7 Qe6
28.Qd5 Qf5 29.Qc4 g5 30.g4 Qxf4 31.Qxf4 gxf4 32.Nd3 Ra8 33.Nxf4 a5 34.Nd3 a4
35.Kxe3 Bf8 36.Nc1 Bh6+ {#R} 0-1

[Event "It (open)"]
[Site "masterchessopen.com Calcutta (India)"]
[Round "10"]
[White "Mohota Nisha (IND)"]
[Black "Vijayalakshmi Subbaraman (IND)"]
[Result "1-0"]
[WhiteElo "2198"]
[BlackElo "2326"]

1.d4 Nf6 2.c4 e6 3.Nc3 Bb4 4.e3 O-O 5.Bd3 d5 6.Nf3 b6 7.O-O Bb7 8.cxd5 exd5
9.Ne5 Bd6 10.f4 c5 11.Qf3 Qc8 12.Nb5 Be7 13.Nc3 Rd8 14.g4 cxd4 15.Bf5 Qc7
16.Nb5 Qc5 17.Nxd4 g6 18.g5 Ne4 19.Qh3 Nd6 20.Bxg6 hxg6 21.Nxg6 fxg6 22.Qe6+
Kf8 23.Qxg6 Bc8 24.f5 Bxg5 25.Ne6+ Bxe6 26.fxe6+ Ke7 27.Qxg5+ Kxe6 28.Qxd8 Nd7
29.Qxa8 Nc8 30.Bd2 Qc4 31.Rf2 Ne7 32.Qh8 Qg4+ 33.Rg2 Qe4 34.Rf1 Ne5 35.Qf6+
Kd7 36.Rg7 {#r} 1-0

[Event "Ch Colombia"]
[Site "masterchessopen.com Fusagasuga (Colombia)"]
[Round "2"]
[White "Clavijo Jorge (COL)"]
[Black "Garavito Miguel (COL)"]
[Result "1-0"]
[WhiteElo "2388"]
[BlackElo "2234"]

1.d4 Nf6 2.c4 e6 3.Nc3 Bb4 4.e3 O-O 5.Nf3 d5 6.Bd3 b6 7.O-O Bb7 8.a3 Bxc3
9.bxc3 Nbd7 10.cxd5 exd5 11.Bb2 Qe7 12.c4 Rfd8 13.Qe2 c5 14.cxd5 Nxd5 15.Rfd1
Rac8 16.Rac1 Rc7 17.Bb1 Nf8 18.dxc5 Nf4 19.Qf1 Nh3+ 20.Kh1 Rxc5 21.Rxd8 Qxd8
22.Nd4 Rxc1 23.Bxc1 Qh4 24.f3 Ba6 25.Nf5 Nf2+ 26.Kg1 Qa4 27.Qe1 Nd3 28.Bxd3
Bxd3 29.Nxg7 Qb5 30.Qc3 Qc5 31.Qxc5 bxc5 32.Bb2 Nd7 33.e4 Nb6 34.Nh5 Kf8
35.Nf6 h6 36.Nh5 Nc4 37.Bc1 Ke7 38.Nf4 Bc2 39.Nd5+ Kd6 40.g4 Kc6 41.Ne3 Nxe3
42.Bxe3 Kb5 43.Bxh6 Ka4 44.h4 Kxa3 45.h5 f5 46.Bc1+ {#r} 1-0